| 000 | 00664nam a2200289Ia 4500 | ||
|---|---|---|---|
| 008 | 210210b1996 xxu||||| |||| 00| 0 eng d | ||
| 020 | _a81 71996759 | ||
| 041 | _aeng | ||
| 082 | _a324.2092 KHAS | ||
| 100 | _aKHANNA (S K) | ||
| 245 |
_aProfile of I K Gujral _bSeasoned diplomat to scholar prime minister |
||
| 260 |
_aNew Delhi. _bMittal Publications _c1996 |
||
| 300 | _a242 | ||
| 650 | _ato | ||
| 650 | _aSeasoned | ||
| 650 | _ascholar | ||
| 650 | _aProfile | ||
| 650 | _aprime | ||
| 650 | _aof | ||
| 650 | _aminister | ||
| 650 | _aK | ||
| 650 | _aI | ||
| 650 | _aGujral | ||
| 650 | _adiplomat | ||
| 690 | _aBiography | ||
| 906 | _a052212 | ||
| 999 |
_c100527 _d100527 |
||